00857nam a22001577a 4500008004100000020001800041050002100059100003200080245008800112250001800200260003700218300003700255505033200292650003000624700004500654160816s2013 mx k|||fr|||| 00| 0 spa d a978607150943704aHF5693bD53 20131 aDíaz Mata, Alfredoeautor10aMatemáticas financierasc / Alfredo Díaz Mata, Víctor Manuel Aguilera Gómez a5a. edición3 aMéxicob : McGraw Hillc, 2013 axi, 435 páginasb : fórmulas aFundamentos Interés simple Interés compuesto Anualidades simples, ciertas, vencidas e inmediatas Anualidades anticipadas Anualidades diferentes Caso general de anualidades Amortización y fondos de amortización Inversión en bolsa de valores Depreciación Probabilidades y tablas de mortalidad Anualidades contingentes14aMATEMÁTICAS FINANCIERAS1 aAguilera Gómez, Víctor Manueleautor